Virgil / (Record no. 163)

MARC details
000 -LEADER
fixed length control field 01819cam a2200433 a 4500
001 - CONTROL NUMBER
control field 12220276
005 - DATE AND TIME OF LATEST TRANSACTION
control field 20200421093821.0
008 - FIXED-LENGTH DATA ELEMENTS--GENERAL INFORMATION
fixed length control field 001102m19992000maua b 001 0 eng
010 ## - LIBRARY OF CONGRESS CONTROL NUMBER
LC control number 00709298
020 ## - INTERNATIONAL STANDARD BOOK NUMBER
International Standard Book Number 067499583X
040 ## - CATALOGING SOURCE
Original cataloging agency DLC
Transcribing agency DLC
Modifying agency DLC
041 1# - LANGUAGE CODE
Language code of text/sound track or separate title englat
Language code of original lat
043 ## - GEOGRAPHIC AREA CODE
Geographic area code e------
-- ff-----
-- aw-----
050 00 - LIBRARY OF CONGRESS CALL NUMBER
Classification number PA6807.A1
Item number F35 1999
082 00 - DEWEY DECIMAL CLASSIFICATION NUMBER
Classification number 871/.01
Edition information 21
100 0# - MAIN ENTRY--PERSONAL NAME
Personal name Virgil.
9 (RLIN) 198
240 10 - UNIFORM TITLE
Uniform title Works.
Language of a work English & Latin.
Date of a work 1999
245 10 - TITLE STATEMENT
Title Virgil /
Statement of responsibility, etc. with an English translation by H. Rushton Fairclough ; revised by G.P. Goold.
250 ## - EDITION STATEMENT
Edition statement Rev. ed., with new introd.
260 ## - PUBLICATION, DISTRIBUTION, ETC.
Place of publication, distribution, etc. Cambridge, Mass. :
Name of publisher, distributor, etc. Harvard University Press,
Date of publication, distribution, etc. 1999-2000.
300 ## - PHYSICAL DESCRIPTION
Extent 2 v. :
Other physical details ill. ;
Dimensions 17 cm.
440 #0 - SERIES STATEMENT/ADDED ENTRY--TITLE
Title Loeb classical library ;
Volume/sequential designation 63-64
500 ## - GENERAL NOTE
General note Latin and English on opposite pages.
504 ## - BIBLIOGRAPHY, ETC. NOTE
Bibliography, etc. note Includes bibliographical references (v. 1, p. 15-22) and index.
505 1# - FORMATTED CONTENTS NOTE
Formatted contents note 1. Eclogues, Georgics, Aeneid I-VI -- 2. Aeneid VII-XII. Appendix Vergiliana.
600 00 - SUBJECT ADDED ENTRY--PERSONAL NAME
Personal name Virgil
Form subdivision Translations into English.
9 (RLIN) 825
650 #0 - SUBJECT ADDED ENTRY--TOPICAL TERM
Topical term or geographic name entry element Didactic poetry, Latin
Form subdivision Translations into English.
9 (RLIN) 199
650 #0 - SUBJECT ADDED ENTRY--TOPICAL TERM
Topical term or geographic name entry element Pastoral poetry, Latin
Form subdivision Translations into English.
9 (RLIN) 200
650 #0 - SUBJECT ADDED ENTRY--TOPICAL TERM
Topical term or geographic name entry element Epic poetry, Latin
Form subdivision Translations into English.
9 (RLIN) 826
650 #0 - SUBJECT ADDED ENTRY--TOPICAL TERM
Topical term or geographic name entry element Aeneas (Legendary character)
Form subdivision Poetry.
9 (RLIN) 201
650 #0 - SUBJECT ADDED ENTRY--TOPICAL TERM
Topical term or geographic name entry element Legends
Geographic subdivision Rome
Form subdivision Poetry.
9 (RLIN) 827
650 #0 - SUBJECT ADDED ENTRY--TOPICAL TERM
Topical term or geographic name entry element Country life
Form subdivision Poetry.
9 (RLIN) 828
650 #0 - SUBJECT ADDED ENTRY--TOPICAL TERM
Topical term or geographic name entry element Agriculture
Form subdivision Poetry.
9 (RLIN) 829
700 1# - ADDED ENTRY--PERSONAL NAME
Personal name Fairclough, H. Rushton
Fuller form of name (Henry Rushton),
Dates associated with a name b. 1862.
9 (RLIN) 202
700 1# - ADDED ENTRY--PERSONAL NAME
Personal name Goold, G. P.
9 (RLIN) 203
906 ## - LOCAL DATA ELEMENT F, LDF (RLIN)
a 7
b cbc
c origcop
d 2
e ncip
f 20
g y-gencatlg
942 ## - ADDED ENTRY ELEMENTS (KOHA)
Source of classification or shelving scheme Dewey Decimal Classification
Koha item type Books
Holdings
Withdrawn status Lost status Damaged status Not for loan Collection Home library Current library Shelving location Date acquired Barcode Date last seen Price effective from Koha item type
        Reference Centerville Centerville General stacks 09/04/2014 39999000006933 09/04/2014 09/04/2014 Books
        Reference Centerville Centerville General stacks 09/04/2014 39999000006957 09/04/2014 09/04/2014 Books
        Reference Fairview Fairview General stacks 09/04/2014 39999000006971 09/04/2014 09/04/2014 Books